000 00942cam a22002531i 4500
003 SA-RiAUC
005 20250129060600.0
008 241103s2000 su f 00010 ara c
020 _a9960416119
040 _aSA-MdTU
_bara
_cSA-RiAUC
_erda
082 0 4 _a251
_qSA-RiAUC
090 _a251
_bا س م
100 1 _aإسماعيل، شعبان محمد،
_d1939-
_eمؤلف.
245 1 2 _aالتجديد في أصول الفقه :
_bدراسة وصفية نقدية /
_cتأليف شعبان محمد إسماعيل.
250 _aالطبعة الأولى.
264 1 _aمكة المكرمة :
_bالمكتبة المكية،
_c2000
300 _a62 صفحة ؛
_c24 سم
336 _aنص
_btxt
_2rdacontent
_3كتاب
337 _aبدون وسيط
_bn
_2rdamedia
338 _aمجلد
_bnc
_2rdacarrier
650 7 _aأصول الفقه الإسلامي
_2aucsh
942 _2ddc
_cBOOK
_n0
949 _aSA-JeALM
_d241103
_umohamedma123
_n1
999 _c2104
_d2104